[Event "Chessable Masters Play In"]
[Site "Chess.com INT"]
[Date "2024.01.31"]
[Round "4"]
[White "Samant, Aditya S"]
[Black "Sankalp, Gupta"]
[Result "1-0"]
[WhiteElo "2512"]
[BlackElo "2535"]
[PlyCount "109"]
[EventDate "2024.01.31"]
[EventType "swiss (rapid)"]
[EventRounds "9"]
[EventCountry "USA"]
[SourceTitle "CB06_2024"]
[SourceDate "2024.02.07"]
[SourceVersion "1"]
[SourceVersionDate "2024.02.07"]
[SourceQuality "1"]

1. e4 e6 2. d4 d5 3. Nd2 Nf6 4. e5 Nfd7 5. Bd3 c5 6. c3 Nc6 7. Ngf3 g5 8. h3 h5 9. Bc2 Rg8 10. g4 Qb6 11. Nb3 cxd4 12. cxd4 a5 13. a4 Nb4 14. Bb1 hxg4 15. hxg4 Be7 16. Rh5 Qd8 17. Qd2 Ra6 18. Bh7 Rg7 19. Bd3 Rc6 20. Rh8+ Nf8 21. Bb5 Qb6 22. Kf1 Bd7 23. Bxc6 Bxc6 24. Kg2 Qa7 25. Nc5 b6 26. Nd3 Kd7 27. Nxb4 Bxb4 28. Qc2 Be7 29. Rh5 Ng6 30. Bxg5 Bxg5 31. Rxg5 Qa6 32. Kg3 Qc4 33. Qxc4 dxc4 34. Nd2 Bd5 35. Rc1 Rg8 36. Nxc4 Rb8 37. Nd6 Ne7 38. Rg7 Rh8 39. Rxf7 Kd8 40. Rxe7 Kxe7 41. Rc7+ Kf8 42. Rc8+ Kg7 43. Rxh8 Kxh8 44. Nc8 Kg7 45. Nxb6 Bb3 46. Kf4 Kf7 47. Kg5 Ke7 48. f4 Kd8 49. f5 exf5 50. gxf5 Kc7 51. Na8+ Kd8 52. e6 Bxa4 53. f6 Bb3 54. e7+ Ke8 55. Nc7+ 1-0

[Event "Bangalore op 1st"]
[Site "Bangalore"]
[Date "2024.01.26"]
[Round "10"]
[White "Sankalp, Gupta"]
[Black "Aradhya, Garg"]
[Result "1-0"]
[WhiteElo "2535"]
[BlackElo "2390"]
[PlyCount "83"]
[EventDate "2024.01.18"]
[EventType "swiss"]
[EventRounds "10"]
[EventCountry "IND"]
[SourceTitle "CB05_2024"]
[SourceDate "2024.01.31"]
[SourceVersion "1"]
[SourceVersionDate "2024.01.31"]
[SourceQuality "1"]

1. Nf3 d5 2. e3 Nf6 3. c4 e6 4. Nc3 b6 5. cxd5 exd5 6. g3 Bd6 7. Bg2 Ba6 8. b4 0-0 9. b5 Bb7 10. 0-0 a6 11. Bb2 c5 12. bxc6 Nxc6 13. Ne2 Re8 14. d3 Rc8 15. Rc1 b5 16. Nf4 Ne5 17. Rxc8 Qxc8 18. Qa1 d4 19. Rc1 Nxf3+ 20. Bxf3 Qd7 21. Bxb7 Qxb7 22. Bxd4 Ng4 23. Ng2 Qf3 24. Rc2 h5 25. Nh4 Qd5 26. e4 Qe6 27. Bxg7 Rc8 28. Rxc8+ Qxc8 29. Nf5 Qc2 30. Qd4 h4 31. gxh4 Bc5 32. Qd8+ Kh7 33. Qh8+ Kg6 34. h5+ Kg5 35. h4+ Kf4 36. Qb8+ Kf3 37. Qg3+ Ke2 38. Nd4+ Bxd4 39. Qxg4+ Kxd3 40. Qf3+ Kc4 41. Qb3+ Qxb3 42. axb3+ 1-0

[Event "Bangalore op 1st"]
[Site "Bangalore"]
[Date "2024.01.24"]
[Round "8"]
[White "Sankalp, Gupta"]
[Black "Tologontegin, Semetey"]
[Result "1-0"]
[WhiteElo "2535"]
[BlackElo "2384"]
[PlyCount "179"]
[EventDate "2024.01.18"]
[EventType "swiss"]
[EventRounds "10"]
[EventCountry "IND"]
[SourceTitle "CB05_2024"]
[SourceDate "2024.01.31"]
[SourceVersion "1"]
[SourceVersionDate "2024.01.31"]
[SourceQuality "1"]

1. e4 c5 2. Nf3 e6 3. d4 cxd4 4. Nxd4 Nc6 5. Nc3 Qc7 6. Be3 a6 7. a3 Nf6 8. f4 d6 9. Qf3 Bd7 10. 0-0-0 h5 11. h3 Rc8 12. Bd3 h4 13. Nxc6 Bxc6 14. f5 e5 15. Rhg1 b5 16. Nd5 Bxd5 17. exd5 Qb7 18. Kb1 Be7 19. g4 hxg3 20. Qxg3 Qxd5 21. Qxg7 Rh6 22. h4 Rxh4 23. Bg5 Rh7 24. Bxf6 Rxg7 25. Bxg7 f6 26. Bh6 Kd7 27. Rge1 Qg2 28. Bc1 Qg4 29. Rg1 Qf3 30. Rgf1 Qc6 31. Rfe1 Rh8 32. Be4 Qc4 33. b3 Qc5 34. Kb2 Rh3 35. Rg1 Rh4 36. Bd5 Rh2 37. Be4 Qf2 38. Rg8 Qe2 39. Rd2 Qh5 40. Rxh2 Qxh2 41. Bd5 e4 42. Be6+ Kc6 43. Rc8+ Kb7 44. Re8 Qe5+ 45. Kb1 e3 46. Rxe7+ Kb6 47. Bxe3+ Qxe3 48. Re8 Qe1+ 49. Ka2 Kc5 50. Rc8+ Kd4 51. Rc6 Qe5 52. Rxa6 Kc3 53. Rc6+ Kd2 54. Kb1 Qe1+ 55. Kb2 Qe5+ 56. Kb1 d5 57. b4 d4 58. Rc5 Qe1+ 59. Kb2 Qc1+ 60. Ka2 Qe1 61. Bd7 d3 62. cxd3 Kxd3 63. Bxb5+ Kd4 64. Ba4 Kd3 65. Bc2+ Kd2 66. Bb3 Kd3 67. Kb2 Kd4 68. a4 Qd2+ 69. Ka3 Qe1 70. a5 Qa1+ 71. Ba2 Qf1 72. Ka4 Qa1 73. Ka3 Qf1 74. Rc4+ Ke5 75. a6 Qd3+ 76. Bb3 Qd7 77. Rc5+ Kd4 78. Rd5+ Kc3 79. Rc5+ Kd4 80. Be6 Qe7 81. Kb3 Qa7 82. Rc6 Ke5 83. Ka4 Qa8 84. Kb5 Qa7 85. Rb6 Qh7 86. Rb7 Qh1 87. Rd7 Qf1+ 88. Bc4 Qh1 89. a7 Qf3 90. Rd5+ 1-0

[Event "Bangalore op 1st"]
[Site "Bangalore"]
[Date "2024.01.20"]
[Round "4"]
[White "Sankalp, Gupta"]
[Black "Deodhar, Vrushali Umesh"]
[Result "1-0"]
[WhiteElo "2535"]
[BlackElo "2100"]
[PlyCount "53"]
[EventDate "2024.01.18"]
[EventType "swiss"]
[EventRounds "10"]
[EventCountry "IND"]
[SourceTitle "CB05_2024"]
[SourceDate "2024.01.31"]
[SourceVersion "1"]
[SourceVersionDate "2024.01.31"]
[SourceQuality "1"]

1. e4 e6 2. d4 d5 3. Nc3 dxe4 4. Nxe4 Nd7 5. Nf3 Ngf6 6. Bd3 Nxe4 7. Bxe4 Nf6 8. Bg5 Be7 9. Bxf6 Bxf6 10. Qd3 Qd6 11. 0-0-0 g6 12. Qe3 Qb6 13. Rd3 Bg7 14. Rb3 Qa5 15. Kb1 Rb8 16. Ne5 Bxe5 17. dxe5 0-0 18. Qf4 Qc5 19. Qf6 Qd4 20. Qf4 f5 21. exf6 Qd6 22. Qg5 e5 23. Rf3 Rf7 24. h4 Qd4 25. Rd3 Qxe4 26. Rd8+ Rf8 27. Qh6 1-0

[Event "Vandoeuvre op 20th"]
[Site "Vandoeuvre les Nancy"]
[Date "2024.01.03"]
[Round "1"]
[White "Avanesyan, David"]
[Black "Sankalp, Gupta"]
[Result "0-1"]
[WhiteElo "2159"]
[BlackElo "2535"]
[PlyCount "80"]
[EventDate "2024.01.03"]
[EventType "swiss"]
[EventRounds "9"]
[EventCountry "FRA"]
[SourceTitle "CB02_2024"]
[SourceDate "2024.01.10"]
[SourceVersion "1"]
[SourceVersionDate "2024.01.10"]
[SourceQuality "1"]

1. e4 e6 2. d4 d5 3. exd5 exd5 4. Bd3 Bd6 5. Ne2 Nf6 6. Bf4 0-0 7. Bxd6 Qxd6 8. 0-0 Bg4 9. f3 Bh5 10. Qd2 c5 11. dxc5 Qxc5+ 12. Kh1 Nc6 13. Nf4 d4 14. Qf2 Bg6 15. Bxg6 hxg6 16. c3 Qf5 17. Ne2 d3 18. Nd4 Nxd4 19. cxd4 Rfd8 20. Nd2 Rac8 21. Rac1 Rc2 22. Rxc2 dxc2 23. Rc1 Qd3 24. Nf1 Rc8 25. Qd2 Qb5 26. Ne3 Qxb2 27. Kg1 Qxa2 28. Rxc2 Rxc2 29. Nxc2 b5 30. Qc3 a5 31. Ne3 Kh7 32. d5 a4 33. d6 a3 34. Qd3 Qa1+ 35. Nf1 a2 36. f4 Qb1 37. Qh3+ Nh5 38. g4 a1Q 39. gxh5 Qd4+ 40. Kh1 Qbe4+ 0-1

[Event "Sitges Sunway op 10th"]
[Site "Sitges"]
[Date "2023.12.20"]
[Round "8"]
[White "Tarhan, Adar"]
[Black "Sankalp, Gupta"]
[Result "1/2-1/2"]
[WhiteElo "2405"]
[BlackElo "2523"]
[PlyCount "50"]
[EventDate "2023.12.12"]
[EventType "swiss"]
[EventRounds "10"]
[EventCountry "ESP"]
[SourceTitle "CB52_2023"]
[SourceDate "2023.12.27"]
[SourceVersion "1"]
[SourceVersionDate "2023.12.27"]
[SourceQuality "1"]

1. Nf3 d5 2. g3 g6 3. Bg2 Bg7 4. 0-0 e5 5. c4 d4 6. e3 Ne7 7. exd4 exd4 8. b4 c5 9. bxc5 0-0 10. d3 Na6 11. Nbd2 Nxc5 12. Nb3 Na4 13. Re1 Nc6 14. Ba3 Re8 15. Rxe8+ Qxe8 16. Ng5 Bf5 17. Nc5 Nc3 18. Qd2 Bh6 19. Nxb7 f6 20. Nd6 Qd7 21. Nxf5 gxf5 22. Ne4 Qg7 23. Ng5 Qd7 24. Ne4 Qg7 25. Ng5 Qd7 1/2-1/2

[Event "Sant Boi de Llobregat op 4th"]
[Site "Sant Boi de Llobregat"]
[Date "2023.12.08"]
[Round "9"]
[White "Sankalp, Gupta"]
[Black "Vallejo Pons, Francisco"]
[Result "1-0"]
[WhiteElo "2523"]
[BlackElo "2667"]
[PlyCount "105"]
[EventDate "2023.11.30"]
[EventType "swiss"]
[EventRounds "9"]
[EventCountry "ESP"]
[SourceTitle "CB50_2023"]
[SourceDate "2023.12.13"]
[SourceVersion "1"]
[SourceVersionDate "2023.12.13"]
[SourceQuality "1"]

1. e4 c5 2. Nf3 e6 3. c3 Nf6 4. e5 Nd5 5. d4 cxd4 6. cxd4 d6 7. Bc4 Be7 8. 0-0 0-0 9. Qe2 Bd7 10. Bxd5 exd5 11. Nc3 Be6 12. Bf4 Nc6 13. exd6 Bxd6 14. Bxd6 Qxd6 15. h3 f6 16. Rfe1 Bf7 17. Qb5 b6 18. Re3 Rac8 19. Rae1 Rfd8 20. a3 Qd7 21. Qd3 g6 22. h4 Qg4 23. b4 Rd7 24. g3 Nd8 25. Nh2 Qf5 26. Qd2 Rd6 27. Re7 Re6 28. R1xe6 Nxe6 29. Nf1 Qf3 30. Nb5 Rd8 31. Rxa7 g5 32. Qe3 Qf5 33. Nc7 Rd7 34. Ra8+ Nf8 35. Ne8 h6 36. Nd6 Qh3 37. Ne8 Qf5 38. Nd6 Qh3 39. Nxf7 Rxf7 40. hxg5 fxg5 41. Qe5 Qg4 42. Nh2 Qd7 43. Rb8 b5 44. Nf1 Re7 45. Qf6 Re8 46. Rxe8 Qxe8 47. Qxh6 Ne6 48. Ne3 Qc6 49. Qg6+ Kh8 50. Nf5 Qc1+ 51. Kg2 Qc8 52. Qh6+ Kg8 53. Ne7+ 1-0

[Event "Sant Boi de Llobregat op 4th"]
[Site "Sant Boi de Llobregat"]
[Date "2023.12.07"]
[Round "8"]
[White "Haldorsen, Benjamin"]
[Black "Sankalp, Gupta"]
[Result "0-1"]
[WhiteElo "2445"]
[BlackElo "2523"]
[PlyCount "116"]
[EventDate "2023.11.30"]
[EventType "swiss"]
[EventRounds "9"]
[EventCountry "ESP"]
[SourceTitle "CB50_2023"]
[SourceDate "2023.12.13"]
[SourceVersion "1"]
[SourceVersionDate "2023.12.13"]
[SourceQuality "1"]

1. e4 e6 2. d4 d5 3. Nd2 Be7 4. Ngf3 Nf6 5. Bd3 c5 6. exd5 Qxd5 7. dxc5 Nbd7 8. Nb3 Nxc5 9. Nxc5 Bxc5 10. 0-0 Bd7 11. Qe2 Bc6 12. Bg5 h6 13. c4 Qd6 14. Bxf6 gxf6 15. Be4 Bxe4 16. Qxe4 0-0-0 17. a3 Qd3 18. Qf4 Be7 19. Rfe1 Rhg8 20. g3 h5 21. Re3 Qc2 22. Qe4 Qxb2 23. Rb1 f5 24. Qxe6+ fxe6 25. Rxb2 Rg4 26. Rxe6 Re4 27. Rh6 Rxc4 28. Rxh5 Bxa3 29. Rb3 Bc5 30. Rxf5 a5 31. Ne5 Rc1+ 32. Kg2 a4 33. Rb5 b6 34. Rb2 a3 35. Ra2 b5 36. Nc6 Rd7 37. Na5 Rc3 38. g4 Kc7 39. Nb3 Rxb3 40. Rxc5+ Kb6 41. Rc1 b4 42. g5 Kb5 43. h4 Rd4 44. f3 Rxh4 45. Kg3 Rc4 46. Rg1 Rd3 47. g6 Ka4 48. g7 Rd8 49. Rd2 Rc7 50. Rxd8 Rxg7+ 51. Kf2 Rxg1 52. Ra8+ Kb3 53. Kxg1 Ka2 54. f4 b3 55. f5 b2 56. Rb8 Ka1 57. Kg2 a2 58. f6 b1Q 0-1

[Event "Sant Boi de Llobregat op 4th"]
[Site "Sant Boi de Llobregat"]
[Date "2023.12.05"]
[Round "6"]
[White "Sankalp, Gupta"]
[Black "Kochavi, Ori"]
[Result "1-0"]
[WhiteElo "2523"]
[BlackElo "2430"]
[PlyCount "115"]
[EventDate "2023.11.30"]
[EventType "swiss"]
[EventRounds "9"]
[EventCountry "ESP"]
[SourceTitle "CB50_2023"]
[SourceDate "2023.12.13"]
[SourceVersion "1"]
[SourceVersionDate "2023.12.13"]
[SourceQuality "1"]

1. e4 c6 2. d4 d5 3. e5 Bf5 4. Nf3 e6 5. Be2 Ne7 6. c3 Nc8 7. a4 a5 8. 0-0 Be7 9. Ne1 c5 10. g4 Bg6 11. f4 f5 12. Bd3 Nc6 13. gxf5 Bxf5 14. Bxf5 exf5 15. dxc5 Bxc5+ 16. Kh1 N8e7 17. Nf3 0-0 18. Nbd2 Qc8 19. Nb3 b6 20. Qd3 Nd8 21. Bd2 Ne6 22. Nc1 Ng6 23. Ne2 Qd7 24. h4 Be7 25. h5 Nh4 26. Nfd4 Nc5 27. Qh3 Qe8 28. Be1 Qxh5 29. Nf3 h6 30. Bxh4 g5 31. fxg5 hxg5 32. Rg1 Ne4 33. Nf4 Qh6 34. Bxg5 Nf2+ 35. Kg2 Nxh3 36. Bxh6 Nxg1 37. Bxf8 Nxf3 38. Bxe7 Nxe5 39. Nxd5 Kf7 40. Ba3 Rg8+ 41. Kf2 Rh8 42. Ke3 Rh4 43. b3 Re4+ 44. Kf2 Ke6 45. Rd1 Ng4+ 46. Kf3 Ne5+ 47. Kg3 Rg4+ 48. Kf2 f4 49. Rd4 f3 50. Rxg4 Nxg4+ 51. Kxf3 Kxd5 52. Kxg4 Ke4 53. Be7 Kd3 54. Bf6 Kc2 55. b4 Kb3 56. bxa5 bxa5 57. Kf3 Kxa4 58. Ke4 1-0

[Event "Sant Boi de Llobregat op 4th"]
[Site "Sant Boi de Llobregat"]
[Date "2023.12.03"]
[Round "4"]
[White "Sankalp, Gupta"]
[Black "Sattarov, Bobir"]
[Result "1-0"]
[WhiteElo "2523"]
[BlackElo "2353"]
[PlyCount "69"]
[EventDate "2023.11.30"]
[EventType "swiss"]
[EventRounds "9"]
[EventCountry "ESP"]
[SourceTitle "CB50_2023"]
[SourceDate "2023.12.13"]
[SourceVersion "1"]
[SourceVersionDate "2023.12.13"]
[SourceQuality "1"]

1. e4 e5 2. Nf3 Nc6 3. Bb5 a6 4. Ba4 Nf6 5. 0-0 Nxe4 6. d4 b5 7. Bb3 d5 8. dxe5 Be6 9. c3 Bc5 10. Nbd2 0-0 11. Bc2 Nxf2 12. Rxf2 f6 13. Nf1 Bxf2+ 14. Kxf2 fxe5 15. Kg1 Qd7 16. a4 Rad8 17. Bg5 Rde8 18. Bh4 e4 19. Nd4 Bg4 20. Qc1 Ne5 21. b4 Be2 22. Nxe2 Qg4 23. Qd1 Qxh4 24. Qxd5+ Kh8 25. Qd4 Ng4 26. h3 Rd8 27. Qc5 Rf2 28. Nfg3 e3 29. Re1 Rd2 30. Bf5 Kg8 31. Be6+ Kh8 32. Qc6 g6 33. Bxg4 Rfxe2 34. Rxe2 Qxg3 35. Qf6+ 1-0

[Event "Qatar Masters op"]
[Site "Doha"]
[Date "2023.10.18"]
[Round "7"]
[White "Sankalp, Gupta"]
[Black "Sethuraman, SP."]
[Result "0-1"]
[WhiteElo "2518"]
[BlackElo "2598"]
[PlyCount "66"]
[EventDate "2023.10.11"]
[EventType "swiss"]
[EventRounds "9"]
[EventCountry "QAT"]
[SourceTitle "Mega2024 Update 01"]
[Source "Chessbase"]
[SourceDate "2023.11.12"]
[SourceVersion "1"]
[SourceVersionDate "2023.11.12"]
[SourceQuality "1"]

1. e4 c5 2. Nf3 e6 3. d4 cxd4 4. Nxd4 Nc6 5. Nc3 Qc7 6. Be2 a6 7. Nxc6 bxc6 8. Qd3 d5 9. Qg3 Qxg3 10. hxg3 Nf6 11. g4 Bb7 12. g5 Nxe4 13. Nxe4 dxe4 14. Rh4 c5 15. Be3 Rd8 16. Bc4 Be7 17. Ke2 Bd5 18. Bxa6 Rb8 19. a4 Rxb2 20. Bb5+ Kd8 21. Kd1 Kc7 22. Bc1 Rb4 23. c3 Rb3 24. c4 Ba8 25. Kc2 Rd3 26. Be3 Bd6 27. Rah1 Rd8 28. R1h3 Kb6 29. Rxh7 Be5 30. Bc1 e3 31. Rh8 Rc3+ 32. Kb2 exf2 33. a5+ Kc7 0-1

[Event "AI Cup Play In Match"]
[Site "Chess.com INT"]
[Date "2023.09.18"]
[Round "1.1"]
[White "Le, Tuan Minh"]
[Black "Sankalp, Gupta"]
[Result "1-0"]
[WhiteElo "2559"]
[BlackElo "2518"]
[PlyCount "133"]
[EventDate "2023.09.18"]
[EventType "k.o. (rapid)"]
[EventRounds "1"]
[EventCountry "USA"]
[SourceTitle "EXT 2024"]
[Source "ChessBase"]
[SourceDate "2023.10.10"]
[SourceVersion "1"]
[SourceVersionDate "2023.10.10"]
[SourceQuality "1"]

1. d4 d5 2. Nf3 Nf6 3. Bf4 e6 4. e3 c5 5. c3 Bd6 6. Nbd2 Nc6 7. Bg3 cxd4 8. exd4 Ne4 9. Bd3 f5 10. Bxd6 Qxd6 11. 0-0 0-0 12. Re1 Bd7 13. Bb5 Be8 14. Bxc6 bxc6 15. Ne5 c5 16. f3 Nf6 17. Nb3 cxd4 18. Nxd4 a5 19. Qe2 Ra6 20. Rad1 Nd7 21. Nd3 Bf7 22. Rd2 Rb8 23. Qf2 Rab6 24. Rde2 Nc5 25. Ne5 Be8 26. b3 R6b7 27. h4 f4 28. Rd1 Rc8 29. c4 Nd7 30. Qe1 Nf8 31. Qd2 a4 32. Qxf4 dxc4 33. bxc4 Rxc4 34. Qe4 Rcb4 35. a3 R4b5 36. Nxb5 Qxd1+ 37. Re1 Qd5 38. Qxd5 exd5 39. Nd6 Re7 40. Kf2 Re6 41. Nd3 Rxd6 42. Rxe8 Rc6 43. Ra8 Rc2+ 44. Kg3 Kf7 45. Rxa4 Ne6 46. Ra7+ Kf6 47. Ra6 Kf7 48. a4 d4 49. a5 Ra2 50. h5 Ra3 51. Ne5+ Ke7 52. Ra7+ Kf6 53. Nc4 Ra2 54. a6 Ra4 55. Nb6 Ra5 56. Kf2 h6 57. Nd7+ Kg5 58. g3 Ra2+ 59. Ke1 d3 60. Kd1 Nd4 61. Ne5 d2 62. Rd7 Nb3 63. a7 Kf5 64. Nc6 Ra1+ 65. Kc2 Rc1+ 66. Kxb3 Rxc6 67. a8Q 1-0

[Event "Arad op 16th"]
[Site "Arad"]
[Date "2023.08.12"]
[Round "8"]
[White "Sankalp, Gupta"]
[Black "Cosma, Ioan"]
[Result "1-0"]
[WhiteElo "2522"]
[BlackElo "2328"]
[PlyCount "110"]
[EventDate "2023.08.07"]
[EventType "swiss"]
[EventRounds "9"]
[EventCountry "ROU"]
[SourceTitle "EXT 2024"]
[Source "ChessBase"]
[SourceDate "2023.10.10"]
[SourceVersion "1"]
[SourceVersionDate "2023.10.10"]
[SourceQuality "1"]

1. e4 c5 2. Nf3 Nc6 3. d4 cxd4 4. Nxd4 Qc7 5. Nc3 e6 6. Be3 a6 7. Qf3 Ne5 8. Qg3 h5 9. f4 h4 10. Qh3 Ng6 11. Qf3 Bb4 12. Nde2 b5 13. 0-0-0 Bb7 14. a3 Ba5 15. g4 Rc8 16. b4 Nf6 17. Rd2 Bb6 18. Bxb6 Qxb6 19. g5 Nh5 20. f5 Ne5 21. Qh3 Qf2 22. g6 0-0 23. Nd1 Qf3 24. Qxf3 Nxf3 25. Rxd7 Bxe4 26. Nec3 Bxf5 27. gxf7+ Kh8 28. Ra7 Nd4 29. Bd3 Bxd3 30. cxd3 Nf4 31. Kd2 Nc6 32. Rxa6 Rxf7 33. Nxb5 Rd7 34. Nf2 Nxd3 35. Nxd3 Ne5 36. Nd6 Rxd6 37. Rxd6 Nc4+ 38. Kc3 Nxd6+ 39. Nc5 Kg8 40. a4 Ne4+ 41. Kc4 Kf7 42. a5 g5 43. a6 g4 44. Kb5 Nc3+ 45. Kb6 g3 46. hxg3 hxg3 47. Rg1 Rb8+ 48. Nb7 Nd5+ 49. Ka5 Rg8 50. b5 g2 51. a7 Ke7 52. Nc5 Kd6 53. b6 Kxc5 54. b7 Rg3 55. Rc1+ Kd6 1-0

[Event "Timisoara Foisor Memorial Rapid"]
[Site "Timisoara"]
[Date "2023.08.06"]
[Round "10"]
[White "Sankalp, Gupta"]
[Black "Kozak, Adam"]
[Result "1/2-1/2"]
[WhiteElo "2522"]
[BlackElo "2574"]
[PlyCount "101"]
[EventDate "2023.08.05"]
[EventType "swiss (rapid)"]
[EventRounds "10"]
[EventCountry "ROU"]
[SourceTitle "CBM 215 Extra"]
[Source "ChessBase"]
[SourceDate "2023.09.30"]
[SourceVersion "1"]
[SourceVersionDate "2023.09.30"]
[SourceQuality "1"]

1. d4 Nf6 2. Nf3 e6 3. Bf4 d5 4. e3 Bd6 5. Ne5 0-0 6. Nd2 c5 7. c3 Qc7 8. Bd3 Nbd7 9. Ndf3 Ne4 10. Bxe4 dxe4 11. Nxd7 Bxd7 12. Bxd6 Qxd6 13. dxc5 Qxc5 14. Qxd7 exf3 15. gxf3 Rfd8 16. Qa4 Qd5 17. Qd1 Qg5 18. Qc2 Qd5 19. Qe2 Qg5 20. Qc2 Qd5 21. e4 Qc4 22. Qe2 Rd3 23. 0-0 Rxc3 24. Qxc4 Rxc4 25. Rfd1 Rc2 26. b3 g5 27. Rd7 b6 28. Kg2 a5 29. Rd6 b5 30. Rb6 b4 31. a3 bxa3 32. Rxa3 h6 33. Rd6 Rb2 34. Rd1 Kg7 35. Rda1 Rc8 36. R1a2 Rb1 37. Ra1 Rb2 38. R1a2 Rcc2 39. Rxb2 Rxb2 40. Rxa5 Rxb3 41. Ra7 Kg6 42. Rc7 h5 43. h3 h4 44. Ra7 Kf6 45. Rc7 Rb5 46. Ra7 Rb8 47. Rc7 Rf8 48. Ra7 Ke5 49. Ra5+ Kf4 50. Ra7 Ke5 51. Ra5+ 1/2-1/2

[Event "Dieren op"]
[Site "Dieren"]
[Date "2023.07.31"]
[Round "6"]
[White "Prraneeth, Vuppala"]
[Black "Sankalp, Gupta"]
[Result "1-0"]
[WhiteElo "2486"]
[BlackElo "2497"]
[PlyCount "71"]
[EventDate "2023.07.25"]
[EventType "swiss"]
[EventRounds "9"]
[EventCountry "NED"]
[SourceTitle "CBM 215 Extra"]
[Source "ChessBase"]
[SourceDate "2023.09.30"]
[SourceVersion "1"]
[SourceVersionDate "2023.09.30"]
[SourceQuality "1"]

1. d4 e6 2. c4 f5 3. Nf3 Nf6 4. g3 c6 5. Bg2 d5 6. 0-0 Bd6 7. b3 Qe7 8. Ne5 0-0 9. Nd2 b6 10. cxd5 exd5 11. Ndf3 Ne4 12. Bb2 Bb7 13. Rc1 a5 14. Qc2 c5 15. Rfd1 Na6 16. e3 Nc7 17. Nh4 g5 18. Nxf5 Rxf5 19. f3 cxd4 20. Ng4 Qe6 21. fxe4 dxe4 22. Rxd4 Rc5 23. Qd1 Rxc1 24. Qxc1 h5 25. Qc3 Ne8 26. Rxd6 Qxd6 27. Qh8+ Kf7 28. Qh7+ Ke6 29. Qxb7 Qd5 30. Qxb6+ Nd6 31. Nf2 Rf8 32. Ba3 g4 33. Bxe4 Qd2 34. Qxd6+ Qxd6 35. Bxd6 Kxd6 36. Bg6 1-0

[Event "Dieren op"]
[Site "Dieren"]
[Date "2023.07.27"]
[Round "3"]
[White "Sankalp, Gupta"]
[Black "Hendriks, Willy"]
[Result "1-0"]
[WhiteElo "2497"]
[BlackElo "2420"]
[PlyCount "119"]
[EventDate "2023.07.25"]
[EventType "swiss"]
[EventRounds "9"]
[EventCountry "NED"]
[SourceTitle "CBM 215 Extra"]
[Source "ChessBase"]
[SourceDate "2023.09.30"]
[SourceVersion "1"]
[SourceVersionDate "2023.09.30"]
[SourceQuality "1"]

1. e4 c5 2. Nf3 g6 3. d4 cxd4 4. Nxd4 Nc6 5. c4 Nf6 6. Nc3 d6 7. Be2 Nxd4 8. Qxd4 Bg7 9. Be3 0-0 10. Qd2 a5 11. 0-0 a4 12. Rab1 Qa5 13. h3 Bd7 14. Qc2 Rfc8 15. Rfc1 Bc6 16. b4 axb3 17. axb3 Qb4 18. Bd2 Qc5 19. b4 Qe5 20. Bd3 Bd7 21. Be3 Be6 22. Nb5 d5 23. exd5 Nxd5 24. Bc5 Nf4 25. Be4 b6 26. Bd4 Nxh3+ 27. gxh3 Qg5+ 28. Kh1 Rxc4 29. Qxc4 Bxc4 30. Bxa8 Qxb5 31. Bxb6 Bh6 32. Be3 Bxe3 33. fxe3 Bd3 34. Rb3 Qa4 35. Rc8+ Kg7 36. Rxd3 Qa1+ 37. Kg2 Qb2+ 38. Kf3 Qxb4 39. Rcd8 Qh4 40. Kg2 Qg5+ 41. Kh2 Qe5+ 42. Kg1 h5 43. Bg2 h4 44. R8d7 f5 45. Kf1 Kf6 46. R7d4 Qb5 47. Kf2 Qb2+ 48. Rd2 Qc3 49. Ra2 Kg5 50. Bf1 Qc7 51. Rf4 e5 52. Rc4 Qb6 53. Ra6 Qb2+ 54. Be2 e4 55. Rcc6 Qg7 56. Rab6 Kh6 57. Bc4 Kh5 58. Rd6 Kg5 59. Bb5 Qf7 60. Re6 1-0

[Event "Dieren op"]
[Site "Dieren"]
[Date "2023.07.25"]
[Round "1"]
[White "Sankalp, Gupta"]
[Black "Binnendijk, Ferdinand"]
[Result "1-0"]
[WhiteElo "2497"]
[BlackElo "2112"]
[PlyCount "59"]
[EventDate "2023.07.25"]
[EventType "swiss"]
[EventRounds "9"]
[EventCountry "NED"]
[SourceTitle "CBM 215 Extra"]
[Source "ChessBase"]
[SourceDate "2023.09.30"]
[SourceVersion "1"]
[SourceVersionDate "2023.09.30"]
[SourceQuality "1"]

1. d4 d5 2. Bf4 c5 3. e3 Nc6 4. Nf3 e6 5. Nbd2 Nf6 6. c3 Bd6 7. Bg3 0-0 8. Bd3 Qc7 9. dxc5 Bxg3 10. hxg3 e5 11. e4 Rd8 12. exd5 Rxd5 13. Qc2 h6 14. Bc4 Rxc5 15. b4 Rxc4 16. Nxc4 e4 17. Nfd2 b5 18. Ne3 Bb7 19. Nxe4 Nxe4 20. Qxe4 Ne5 21. Qc2 Nc4 22. Nxc4 Qxc4 23. f3 a5 24. Rh4 Qe6+ 25. Kf2 Qb6+ 26. Kf1 Bd5 27. Qf2 Qc7 28. Qc5 Qxc5 29. bxc5 Rc8 30. a4 1-0

[Event "TUR-chT"]
[Site "Ankara"]
[Date "2023.07.17"]
[Round "8.4"]
[White "Yakubboev, Nodirbek"]
[Black "Sankalp, Gupta"]
[Result "0-1"]
[WhiteElo "2640"]
[BlackElo "2497"]
[PlyCount "170"]
[EventDate "2023.07.10"]
[EventType "team-tourn"]
[EventRounds "11"]
[EventCountry "TUR"]
[SourceTitle "EXT 2024"]
[Source "ChessBase"]
[SourceDate "2023.10.10"]
[SourceVersion "1"]
[SourceVersionDate "2023.10.10"]
[SourceQuality "1"]
[WhiteTeam "Karaman Futbol"]
[BlackTeam "Rota Koleji Dernegi"]
[WhiteTeamCountry "TUN"]
[BlackTeamCountry "TUR"]

1. d4 d5 2. c4 dxc4 3. e4 b5 4. a4 c6 5. Nc3 b4 6. Nb1 Ba6 7. Qc2 Qxd4 8. Nf3 Qb6 9. Be3 Qc7 10. Nbd2 e6 11. Bxc4 Bxc4 12. Nxc4 Nf6 13. Bg5 b3 14. Qd3 Nbd7 15. Bxf6 Nxf6 16. 0-0 Rb8 17. Nfd2 Be7 18. e5 Nd5 19. Nxb3 0-0 20. a5 Rfd8 21. Rfd1 Qb7 22. Nd4 Nb4 23. Qe2 Rd5 24. Nc2 Qb5 25. N2e3 Bc5 26. b3 Bxe3 27. fxe3 Rxe5 28. e4 Qc5+ 29. Kh1 Rh5 30. Rd7 Rh6 31. Rf1 Rf8 32. h3 f5 33. Qd2 Rhf6 34. Rb7 Na6 35. exf5 Rxf5 36. Rxf5 Rxf5 37. Kh2 h6 38. Qd7 Qf8 39. Qxc6 Nc5 40. Rxa7 Kh7 41. Qd6 Qf6 42. Ra8 Rf2 43. Qe5 Qf3 44. Qg3 Qf6 45. Nd6 Rf1 46. Qe3 Rd1 47. Nc4 Qf1 48. Rc8 Qh1+ 49. Kg3 Rd3 50. Rxc5 Qe1+ 51. Kf3 Qd1+ 52. Kf2 Rxe3 53. Nxe3 Qxb3 54. Rc2 Qa4 55. Re2 Qxa5 56. Ng4 Qb6+ 57. Kg3 Kg6 58. Ne5+ Kf5 59. Nf3 g5 60. Kh2 Qd6+ 61. Kg1 h5 62. Kf2 Qb6+ 63. Kg3 Kf6 64. Re4 Qc7+ 65. Kf2 Qc2+ 66. Re2 Qc5+ 67. Kg3 Qc4 68. Kf2 g4 69. hxg4 hxg4 70. Nd2 Qd4+ 71. Ke1 Qg1+ 72. Nf1 g3 73. Rd2 e5 74. Re2 Ke6 75. Rd2 e4 76. Re2 Kd5 77. Ra2 Ke5 78. Rd2 Kf4 79. Re2 Qd4 80. Rc2 Qd3 81. Rd2 Qc3 82. Kd1 e3 83. Rd8 Qa1+ 84. Ke2 Qb2+ 85. Nd2 Qb5+ 0-1

[Event "TUR-chT"]
[Site "Ankara"]
[Date "2023.07.12"]
[Round "3.6"]
[White "Sankalp, Gupta"]
[Black "Ivic, Velimir"]
[Result "1-0"]
[WhiteElo "2497"]
[BlackElo "2590"]
[PlyCount "67"]
[EventDate "2023.07.10"]
[EventType "team-tourn"]
[EventRounds "11"]
[EventCountry "TUR"]
[SourceTitle "EXT 2024"]
[Source "ChessBase"]
[SourceDate "2023.10.10"]
[SourceVersion "1"]
[SourceVersionDate "2023.10.10"]
[SourceQuality "1"]
[WhiteTeam "Rota Koleji Dernegi"]
[BlackTeam "Burhaniye"]
[WhiteTeamCountry "TUR"]
[BlackTeamCountry "TUN"]

1. e4 c6 2. Nf3 d5 3. d3 g6 4. e5 Bg7 5. d4 f6 6. exf6 Nxf6 7. Be2 0-0 8. 0-0 Kh8 9. c3 c5 10. dxc5 Qc7 11. h3 Qxc5 12. Qd4 Qd6 13. Bf4 Qd8 14. Qe3 Nc6 15. Bh2 Bf5 16. Nbd2 Qe8 17. Nb3 Ne4 18. Rad1 Rd8 19. c4 dxc4 20. Bxc4 Nd6 21. Bd5 Bc2 22. Bxc6 bxc6 23. Rc1 Nc4 24. Qxa7 Bd3 25. Rfe1 e5 26. Nc5 e4 27. Ng5 Ra8 28. Qc7 Rc8 29. Qb7 Na5 30. Qb4 Qe7 31. Nge6 Qf6 32. Nxf8 Rxf8 33. Qxa5 Qxf2+ 34. Kh1 1-0